| 000 | 00963nam a22002537a 4500 | ||
|---|---|---|---|
| 999 |
_c64104 _d64104 |
||
| 005 | 20240530110715.0 | ||
| 008 | 180218s2009 ua a g 000 0 ara d | ||
| 017 |
_a2009/13828 _bمصر. دار الكتب |
||
| 040 |
_aEG-CaGPL _cEG-CaGPL |
||
| 082 | 0 | 4 |
_221 _a341.23 / _bم أ |
| 100 | 0 | _aمحمود قنديل | |
| 245 | 1 | 2 |
_aالامم المتحدة وحماية حقوق الانسان : _bدليل استرشادى / _cاعداد محمود قنديل |
| 250 | _aط. 1 | ||
| 260 |
_aالقاهرة : _bمركز القاهرة لدراسات حقوق الانسان ، _c2009. |
||
| 300 |
_a145 ص. ؛ _c19 سم. |
||
| 490 | 0 |
_aسلسلة تعليم حقوق الانسان ؛ _v21. |
|
| 650 | 0 | 7 |
_2qrmak _aالامم المتحدة |
| 650 | 0 | 7 |
_2qrmak _aحقوق الانسان |
| 650 | 0 | 7 |
_2qrmak _aالمنظمات الدولية |
| 650 | 0 | 7 |
_2qrmak _aالمجتمع الدولى |
| 651 | _2qrmak | ||
| 942 |
_2ddc _cBK |
||